Connaissez-vous vraiment le film Amélie Poulain ? - Statistiques

Statistiques générales
  • Ce quiz a été pris 113 fois
  • Le résultat moyen est 10 sur 20
Statistiques - réponses
Hint Réponse % Correct
Que collectionne Nino ? Les photos d'un télématon
89%
Quel objet de son père fait-elle prendre en photo dans divers endroits du monde ? Un nain de jardin
89%
Quel est le métier d'Amélie ? Serveuse
87%
Quelle actrice joue Amélie Poulain ? Audrey Tautou
80%
Dans quelle pièce Amélie retrouve la boîte de souvenir ? Sa salle de bain
78%
Dans quel quartier de Paris a été tourné le film ? Montmartre
75%
Qu'aime faire Amélie au canal Saint-Martin ? Des ricochets
74%
Amélie à Collignon. "Vous au moins vous ne risquez pas d’être un légume puisque même un {artichaut} a du cœur."
74%
Quel acteur joue Lucien, l'assistant épicier ? Jamel Debbouze
69%
Quel auteur-compositeur a créé la bande originale du film ? Yann Tiersen
51%
Qui est le réalisateur du film Le Fabuleux Destin d'Amélie Poulain ? Jean-Pierre Jeunet
49%
Amélie à Nino "C’est l’angoisse du {temps} {qui} {passe} qui nous fait tant parler du temps qu’il fait."
46%
Quel acteur joue Nino Quincampoix ? Mathieu Kassovitz
44%
Quelle mort bouleverse la vie d’Amélie Poulain ? La princesse Diana
40%
Amélie "C’est drôle la vie. Quand on est gosse, le temps n’en finit pas de se trainer, et puis du jour au lendemain on a comme ça 50 ans. Et l’enfance tout ce qui l’en reste ça tient dans une {petite} {boite}."
35%
Quel acteur est le narrateur ? André Dussolier
21%
Comment Amélie surnomme-t-elle son poisson rouge ? Le cachalot
12%
Hipolito "La vie n’est que l’interminable répétition d’une {représentation} qui n’aura jamais lieu."
8%
M. Dufayel à Amélie "La chance c’est comme le {Tour} {de} {France} : on l’attend longtemps et ça passe vite."
7%
Le narrateur "Si Amélie préfère vivre dans le rêve et rester une jeune fille introvertie, c’est son droit, car {rater} {sa} {vie} est un droit inaliénable."
7%
Aucun quiz correspondant
Distribution des résultats
% des personnes avec chaque résultat
Percentile par nombre de réponses
Votre historique - résultats
Vous n’avez pas pris ce quiz